Ukrainan suurimmat kaupungit - Statistics

Yleistilastot
  • Tätä visaa on pelattu 113 kertaa
  • Keskiarvotulos 9 / 20
Vastaustilastot
Väestö Kaupunki % Oikein
3 375 000 Kiova
100%
1 439 036 Harkova
95%
1 016 515 Odesa
88%
728 350 Lviv
82%
929 063 Donetsk
73%
449 498 Mariupol
66%
425 848 Luhansk
65%
1 000 506 Dnipro
56%
757 650 Zaporižžja
53%
283 649 H'erson
49%
286 649 Pultava
32%
494 763 Mykolajiv
30%
629 695 Kryvyi Rih
23%
264 981 Sumy
19%
285 234 Tšernihiv
19%
372 484 Vinnytsja
9%
265 471 Tšernivtsi
8%
272 651 Tšerkasy
5%
273 713 H'melnytskyi
3%
347 376 Makijivka
1%
Ehtoja vastaavia visoja ei löytynyt
Tulosjakauma
Jokaisen tuloksen saaneiden osuus
Persentiili vastausten määrän mukaan
Tuloshistoriasi
Et ole pelannut tätä visaa